Flood prevention (Record no. 70560)
[ view plain ]
| 000 -LEADER | |
|---|---|
| fixed length control field | 01085cam a2200265 4500 |
| 001 - CONTROL NUMBER | |
| control field | ABS65610 |
| 008 - FIXED-LENGTH DATA ELEMENTS--GENERAL INFORMATION | |
| fixed length control field | 020625n2002 000 0 eng u |
| 035 ## - SYSTEM CONTROL NUMBER | |
| System control number | (Sirsi) u118514 |
| 100 ## - MAIN ENTRY--PERSONAL NAME | |
| Personal name | Totton, B. |
| 245 ## - TITLE STATEMENT | |
| Title | Flood prevention |
| 260 ## - PUBLICATION, DISTRIBUTION, ETC. | |
| Date of publication, distribution, etc. | 2002 |
| 490 ## - SERIES STATEMENT | |
| Series statement | Surveyor |
| Volume/sequential designation | 189(5682) 30 May 2002, 14-23(8) |
| 520 ## - SUMMARY, ETC. | |
| Summary, etc. | A series of articles which examine means of flood prevention. A recent scheme in Oxfordshire demonstrates how to successfully build and protect houses on a flood plain; the second article reports on an emergency repair scheme that saved a town from the flooding of autumn 2000; and the final article considers whether SUDs (sustainable urban drainage techniques) can be a realistic option for local authorities. |
| 590 ## - LOCAL NOTE (RLIN) | |
| Local note | ABS |
| 650 ## - SUBJECT ADDED ENTRY--TOPICAL TERM | |
| Topical term or geographic name entry element | FLOOD PREVENTION |
| 650 ## - SUBJECT ADDED ENTRY--TOPICAL TERM | |
| Topical term or geographic name entry element | LOCAL AUTHORITIES |
| 650 ## - SUBJECT ADDED ENTRY--TOPICAL TERM | |
| Topical term or geographic name entry element | OXFORDSHIRE |
| 650 ## - SUBJECT ADDED ENTRY--TOPICAL TERM | |
| Topical term or geographic name entry element | FLOODING |
| 650 ## - SUBJECT ADDED ENTRY--TOPICAL TERM | |
| Topical term or geographic name entry element | HOUSING PROJECTS |
| 650 ## - SUBJECT ADDED ENTRY--TOPICAL TERM | |
| Topical term or geographic name entry element | ENVIRONMENT AGENCY |
| 690 ## - LOCAL SUBJECT ADDED ENTRY--TOPICAL TERM (OCLC, RLIN) | |
| Topical term or geographic name as entry element | ENVIRONMENTAL AND LAND CONSULTANCY-ENVIRONMENTAL MANAGEMENT |
| 700 ## - ADDED ENTRY--PERSONAL NAME | |
| Personal name | Bond, R. |
| 700 ## - ADDED ENTRY--PERSONAL NAME | |
| Personal name | Constable, S. |
| 942 ## - ADDED ENTRY ELEMENTS (KOHA) | |
| Suppress in OPAC | 0 |
| Withdrawn status | Lost status | Source of classification or shelving scheme | Damaged status | Not for loan | Home library | Current library | Shelving location | Date acquired | Total Checkouts | Full call number | Barcode | Date last seen | Copy number | Price effective from | Koha item type |
|---|---|---|---|---|---|---|---|---|---|---|---|---|---|---|---|
| Dewey Decimal Classification | London | London | Journal article | 25/06/2002 | ABS65610 | 118514-1001 | 06/08/2019 | 1 | 06/08/2019 | Journal article |